Development of Indian education and its problems (Record no. 8616)

MARC details
000 -LEADER
fixed length control field 00622cam a2200229ua 4500
001 - CONTROL NUMBER
control field 9594
005 - DATE AND TIME OF LATEST TRANSACTION
control field 20260515114507.0
008 - FIXED-LENGTH DATA ELEMENTS--GENERAL INFORMATION
fixed length control field 160226n ii |||gr||||Z||||||eng
040 ## - CATALOGING SOURCE
Transcribing agency MAIN
041 ## - LANGUAGE CODE
Language code of text/sound track or separate title eng
082 ## - DEWEY DECIMAL CLASSIFICATION NUMBER
Classification number 370.54
100 ## - MAIN ENTRY--PERSONAL NAME
Personal name Lal, Raman Behari,
Relator term Author.
245 1# - TITLE STATEMENT
Title Development of Indian education and its problems
Statement of responsibility, etc. by Raman Behari Lal
260 ## - PUBLICATION, DISTRIBUTION, ETC.
Place of publication, distribution, etc. Meerut:
Name of publisher, distributor, etc. Vvinay Rakheja,
Date of publication, distribution, etc. 2008.
300 ## - PHYSICAL DESCRIPTION
Extent 560p.
653 ## - INDEX TERM--UNCONTROLLED
Uncontrolled term Education
653 ## - INDEX TERM--UNCONTROLLED
Uncontrolled term Indian education
653 ## - INDEX TERM--UNCONTROLLED
Uncontrolled term Development of Indian education
653 ## - INDEX TERM--UNCONTROLLED
Uncontrolled term Problems of Indian education
700 ## - ADDED ENTRY--PERSONAL NAME
Personal name Sinha, G N,
Relator term Author.
942 ## - ADDED ENTRY ELEMENTS (KOHA)
Koha item type Books
Holdings
Withdrawn status Lost status Damaged status Not for loan Home library Current library Shelving location Date acquired Total checkouts Full call number Barcode Date last seen Copy number Price effective from Koha item type
        Naharkatiya College Library Naharkatiya College Library General stacks 09/19/2020   370.54 | LAL 18408 09/19/2020 1 09/19/2020 Books